Normal view
MARC view
- Rangwala, S.C.
Entry Personal Name
001 - CONTROL NUMBER
- control field: 23360
003 - CONTROL NUMBER IDENTIFIER
- control field: NUST
005 - DATE AND TIME OF LATEST TRANSACTION
- control field: 20191009111037.0
008 - FIXED-LENGTH DATA ELEMENTS
- fixed length control field: 191009|| aca||aabn | a|a d
040 ## - CATALOGING SOURCE
- Original cataloging agency: NUST
- Transcribing agency: NUST
100 ## - HEADING--PERSONAL NAME
- Personal name: Rangwala, S.C.
670 ## - SOURCE DATA FOUND
- Source citation: Work cat.: (NUST): Rangwala, S.C., Fundamentals of Water Supply and Sanitary Engineering
